Remote sensing and GIS / (Record no. 162695)

MARC details
000 -LEADER
fixed length control field 00783nam a22002057a 4500
005 - DATE AND TIME OF LATEST TRANSACTION
control field 20190319160902.0
010 ## - LCCN (DPL NO)
LC control number B-713342
020 ## - INTERNATIONAL STANDARD BOOK NUMBER
International Standard Book Number 9780198072393
Terms of availability 750.00
035 ## - SYSTEM CONTROL NUMBER
System control number B-713342
037 ## - SOURCE OF ACQUISITION
Source of stock number/acquisition Oxford University Press
082 ## - DEWEY DECIMAL CLASSIFICATION NUMBER
Classification number 621.3678
100 ## - MAIN ENTRY--PERSONAL NAME
Personal name Bhatta, Basudeb
245 ## - TITLE STATEMENT
Title Remote sensing and GIS /
Statement of responsibility, etc by Basudeb Bhatta
250 ## - EDITION STATEMENT
Edition statement 2nd ed.
260 ## - PUBLICATION, DISTRIBUTION, ETC. (IMPRINT)
Place of publication, distribution, etc New Delhi
Name of publisher, distributor, etc Oxford University Press
Date of publication, distribution, etc 2018
270 ## - ADDRESS
Address Ground Floor, 2/11, Ansari Road, Daryaganj
City New Delhi
Postal code 110002
300 ## - PHYSICAL DESCRIPTION
Extent xxiv, 716p.:
Other physical details ill.
Dimensions 24cm(pbk)
942 ## - ADDED ENTRY ELEMENTS (KOHA)
Source of classification or shelving scheme Dewey Decimal Classification
Item type English Books
Call number suffix BHA
Classification part 621.3678
Holdings
Withdrawn status Lost status Not for loan Collection code Home library Current library Date acquired Source of acquisition Cost, normal purchase price Full call number Barcode Copy number Cost, replacement price Koha item type
      Non-fiction Bawana Bawana 19/03/2019 Aksharesh Enterprises/0006/13-03-19/591/07-03-19/19-03-19 750.00 621.3678 BHA B-713342 1 750.00 English Books

© Delhi Public Library
Hit Counter
free hit counter